| 000 -LEADER |
| fixed length control field |
04559nam a22006975i 4500 |
| 001 - CONTROL NUMBER |
| control field |
978-3-031-32356-0 |
| 003 - CONTROL NUMBER IDENTIFIER |
| control field |
DE-He213 |
| 005 - DATE AND TIME OF LATEST TRANSACTION |
| control field |
20250103112332.0 |
| 007 - PHYSICAL DESCRIPTION FIXED FIELD--GENERAL INFORMATION |
| fixed length control field |
cr nn 008mamaa |
| 008 - FIXED-LENGTH DATA ELEMENTS--GENERAL INFORMATION |
| fixed length control field |
230812s2023 sz | s |||| 0|eng d |
| 020 ## - INTERNATIONAL STANDARD BOOK NUMBER |
| International Standard Book Number |
9783031323560 |
| -- |
978-3-031-32356-0 |
| 024 ## - OTHER STANDARD IDENTIFIER |
| Standard number or code |
10.1007/978-3-031-32356-0 |
| Source of number or code |
doi |
| 050 ## - LIBRARY OF CONGRESS CALL NUMBER |
| Classification number |
K7000-7720.22 |
| 072 ## - SUBJECT CATEGORY CODE |
| Subject category code |
LB |
| Source |
bicssc |
| 072 ## - SUBJECT CATEGORY CODE |
| Subject category code |
LAM |
| Source |
bicssc |
| 072 ## - SUBJECT CATEGORY CODE |
| Subject category code |
LAW051000 |
| Source |
bisacsh |
| 072 ## - SUBJECT CATEGORY CODE |
| Subject category code |
LB |
| Source |
thema |
| 072 ## - SUBJECT CATEGORY CODE |
| Subject category code |
LAM |
| Source |
thema |
| 082 ## - DEWEY DECIMAL CLASSIFICATION NUMBER |
| Classification number |
340.9 |
| Edition number |
23 |
| 245 ## - TITLE STATEMENT |
| Title |
The Regulation of Automated and Autonomous Transport |
| Medium |
[electronic resource] / |
| Statement of responsibility, etc. |
edited by Kyriaki Noussia, Matthew Channon. |
| 250 ## - EDITION STATEMENT |
| Edition statement |
1st ed. 2023. |
| 260 ## - PUBLICATION, DISTRIBUTION, ETC. |
| Place of publication, distribution, etc. |
Cham : |
| Name of publisher, distributor, etc. |
Springer International Publishing : |
| -- |
Imprint: Springer, |
| Date of publication, distribution, etc. |
2023. |
| 300 ## - PHYSICAL DESCRIPTION |
| Extent |
IX, 423 p. 1 illus. |
| Other physical details |
online resource. |
| 336 ## - CONTENT TYPE |
| Content type term |
text |
| Content type code |
txt |
| Source |
rdacontent |
| 337 ## - MEDIA TYPE |
| Media type term |
computer |
| Media type code |
c |
| Source |
rdamedia |
| 338 ## - CARRIER TYPE |
| Carrier type term |
online resource |
| Carrier type code |
cr |
| Source |
rdacarrier |
| 347 ## - DIGITAL FILE CHARACTERISTICS |
| File type |
text file |
| Encoding format |
PDF |
| Source |
rda |
| 505 ## - FORMATTED CONTENTS NOTE |
| Formatted contents note |
Part 1: Drones – aviation/aerial automated autonomous transportation systems -- Introduction -- “Drones: The New Delivery Men? A South African and UK perspective.” -- Unmanned Air Transports: the use of drones and legal issues arising thereof -- The Civil Unmanned Aerial Vehicle (UAV) Law of China: A Comparative Study of the mainland, Hong Kong, and Macao of China -- Part 2: Ships – Maritime automated / autonomous transportation systems -- The Intersection Between Law and Technology in Maritime Law -- Salvage and Autonomous Maritime Navigation -- Uncharted Legal Waters: “The Applicability of the Law on Seaworthiness & Good seamanship to Autonomous vessels.” -- Reforming the Law of the Sea for the Future of Automated Shipping -- Part 3: Road Vehicles – Road automated / autonomous transportation systems -- Automated Vehicles, Liability and Insurance -- Legal and Ethical Aspects of Autonomous Vehicles -- Cyber Risks: Social, Functional and Ethical Dimensions -- Road Traffic Law and Application toAutomated Vehicles. |
| 520 ## - SUMMARY, ETC. |
| Summary, etc. |
This book discusses various legal aspects of automated and autonomous transport. The regulation of automated and autonomous transport encompasses legislation on automated cars, ships, vessels, and drones. Questions surrounding this novel area of the law, which has attracted major worldwide interest and publicity, are likely to dominate our societies and everyday life in the years ahead. One major challenge addressed in this book is remedying the regulatory fragmentation that can be observed around the globe concerning legislation on automated and autonomous transportation systems. Written and edited by respected experts in the field, including academics and practitioners alike, this book seeks to fill an important gap in the literature. Given its focus and scope, the book will be of considerable interest to practitioners, academics, and policymakers, judges, students and secondary audiences, including engineers, sociologists, naval architects, all those involved in the automated industry, and people working in AI. |
| 650 ## - SUBJECT ADDED ENTRY--TOPICAL TERM |
| Topical term or geographic name entry element |
Private international law. |
| 650 ## - SUBJECT ADDED ENTRY--TOPICAL TERM |
| Topical term or geographic name entry element |
Conflict of laws. |
| 650 ## - SUBJECT ADDED ENTRY--TOPICAL TERM |
| Topical term or geographic name entry element |
International law. |
| 650 ## - SUBJECT ADDED ENTRY--TOPICAL TERM |
| Topical term or geographic name entry element |
Comparative law. |
| 650 ## - SUBJECT ADDED ENTRY--TOPICAL TERM |
| Topical term or geographic name entry element |
Criminal law. |
| 650 ## - SUBJECT ADDED ENTRY--TOPICAL TERM |
| Topical term or geographic name entry element |
Civil law. |
| 650 ## - SUBJECT ADDED ENTRY--TOPICAL TERM |
| Topical term or geographic name entry element |
Information technology |
| General subdivision |
Law and legislation. |
| 650 ## - SUBJECT ADDED ENTRY--TOPICAL TERM |
| Topical term or geographic name entry element |
Mass media |
| General subdivision |
Law and legislation. |
| 650 ## - SUBJECT ADDED ENTRY--TOPICAL TERM |
| Topical term or geographic name entry element |
Control engineering. |
| 650 ## - SUBJECT ADDED ENTRY--TOPICAL TERM |
| Topical term or geographic name entry element |
Robotics. |
| 650 ## - SUBJECT ADDED ENTRY--TOPICAL TERM |
| Topical term or geographic name entry element |
Automation. |
| 650 ## - SUBJECT ADDED ENTRY--TOPICAL TERM |
| Topical term or geographic name entry element |
Transportation engineering. |
| 650 ## - SUBJECT ADDED ENTRY--TOPICAL TERM |
| Topical term or geographic name entry element |
Traffic engineering. |
| 650 ## - SUBJECT ADDED ENTRY--TOPICAL TERM |
| Topical term or geographic name entry element |
Private International Law, International and Foreign Law, Comparative Law. |
| 650 ## - SUBJECT ADDED ENTRY--TOPICAL TERM |
| Topical term or geographic name entry element |
Criminal Law and Criminal Procedure Law. |
| 650 ## - SUBJECT ADDED ENTRY--TOPICAL TERM |
| Topical term or geographic name entry element |
Civil Law. |
| 650 ## - SUBJECT ADDED ENTRY--TOPICAL TERM |
| Topical term or geographic name entry element |
IT Law, Media Law, Intellectual Property. |
| 650 ## - SUBJECT ADDED ENTRY--TOPICAL TERM |
| Topical term or geographic name entry element |
Control, Robotics, Automation. |
| 650 ## - SUBJECT ADDED ENTRY--TOPICAL TERM |
| Topical term or geographic name entry element |
Transportation Technology and Traffic Engineering. |
| 700 ## - ADDED ENTRY--PERSONAL NAME |
| Personal name |
Noussia, Kyriaki. |
| Relator term |
editor. |
| Relationship |
edt |
| -- |
http://id.loc.gov/vocabulary/relators/edt |
| 700 ## - ADDED ENTRY--PERSONAL NAME |
| Personal name |
Channon, Matthew. |
| Relator term |
editor. |
| Relationship |
edt |
| -- |
http://id.loc.gov/vocabulary/relators/edt |
| 710 ## - ADDED ENTRY--CORPORATE NAME |
| Corporate name or jurisdiction name as entry element |
SpringerLink (Online service) |
| 773 ## - HOST ITEM ENTRY |
| Title |
Springer Nature eBook |
| 776 ## - ADDITIONAL PHYSICAL FORM ENTRY |
| Relationship information |
Printed edition: |
| International Standard Book Number |
9783031323553 |
| 776 ## - ADDITIONAL PHYSICAL FORM ENTRY |
| Relationship information |
Printed edition: |
| International Standard Book Number |
9783031323577 |
| 776 ## - ADDITIONAL PHYSICAL FORM ENTRY |
| Relationship information |
Printed edition: |
| International Standard Book Number |
9783031323584 |
| 856 ## - ELECTRONIC LOCATION AND ACCESS |
| Uniform Resource Identifier |
<a href="https://doi.org/10.1007/978-3-031-32356-0">https://doi.org/10.1007/978-3-031-32356-0</a> |
| 912 ## - |
| -- |
ZDB-2-LCR |
| 912 ## - |
| -- |
ZDB-2-SXLC |